| 000 | 00756nam a2200205 a 4500 | ||
|---|---|---|---|
| 008 | 060424s1991 ||||||||||||||||| || u | ||
| 020 | _a1557751870 | ||
| 050 | _aIMF (02) | ||
| 100 | _aSundararajan, Vasudevan | ||
| 245 | 1 | 0 |
_aBanking crises : cases and issues _cedited by V. Sundararajan |
| 260 |
_aWashington, D.C. : _bInternational Monetary Fund _c1991 |
||
| 300 | _aix, 375 p. : ill. | ||
| 350 | _a0.00 | ||
| 500 | _aIncludes bibliographical references. | ||
| 650 | _aBANK FAILURES | ||
| 650 | _aBANKS AND BANKING | ||
| 650 | _aBANKS AND BANKING--CASE STUDIES | ||
| 700 | _aBalino, Tomas J. T | ||
| 995 |
_D0.00 _FCBU-MAIN LIBRARY (Kitwe) _H1 _I22.50 _M1 _UAVAILABLE _ZAnnex Low-Usage Collection |
||
| 999 |
_c35450 _d35450 |
||